000
00286nam a2200121Ia 4500
008
190216s9999||||xx |||||||||||||| ||und||
100
_a
Kulshrestha V V
245
0
_a
Experimental Physiology
260
_b
Vikas Publishing House
_c
1977
300
_a
147p
650
_a
Botany
942
_c
BK
999
_c
1321
_d
1321